Statistiques concernant Présidents français en rébus #2

Cliquez ici pour prendre le quiz!

Statistiques générales

  • Ce quiz a été pris 9 660 fois
  • Le résultat moyen est 4 sur 10

Réponses sur la Carte

Les réponses sont colorées sur une échelle allant du rouge au vert en fonction du pourcentage des utilisateurs qui les ont devinées à leur premier essai. Vous pouvez retrouver ces pourcentages ci-dessous.
 

Statistiques - réponses

Présidents% Correct
Nicolas Sarkozy
94%
Valéry Giscard d'Estaing
57%
Emmanuel Macron
49%
René Coty
49%
Paul Doumer
43%
Félix Faure
41%
Jules Grévy
40%
Alexandre Millerand
32%
Adolphe Thiers
22%
Marie François Sadi Carnot
21%

Distribution des résultats

Percentile par nombre de réponses

% des personnes avec chaque résultat

Votre développement - résultats

Vous n’avez pas pris ce quiz